000
00311nam a2200133Ia 4500
008
260604s9999 xx 000 0 und d
020
_a
9781529768640
082
_a
302.23 KOZ
100
_a
KOZINETS
_9
35400
245
0
_a
INFLUENCERS AND CREATORS
260
_b
SAGE
500
_a
Business , Culture
942
_c
BK
999
_c
8213
_d
8213